ბათუმის შოთა რუსთაველის სახელმწიფო უნივერსიტეტის ბიბლიოთეკა

დედაჩემი : (ბიბ.ჩანაწერი № 39648)

000 -ლიდერი
ფიქსირებული სიგრძის საკონტროლო ველი 00984nam a2200241Ia 4500
001 - საკონტროლო ნომერი
საკონტროლო ველი 6248
003 - საკონტროლო ნომრის იდენტიფიკატორი
საკონტროლო ველი GE_BSU
005 - ბოლო ოპერაციის თარიღი და დრო
საკონტროლო ველი 20200214161831.0
008 - ფიქსირებული სიგრძის მონაცემთა ელემენტები - ზოგადი ინფორმაცია
ფიქსირებული სიგრძის საკონტროლო ველი 181216s2011||||ge |||||||||||||| ||geo||
010 ## - კონგრესის ბიბლიოთეკის საკონტროლო ნომერი
LC საკონტროლო ნომერი 9789941431289
040 ## - კატალოგიზაციის წყარო
Transcribing agency GE_BSU
041 ## - ენის კოდი
Language code of text/sound track or separate title geo
080 ## - უნივერსალური ათობითი კლასიფიკაციის ინდექსი
Universal Decimal Classification number 821.133.1-31 კ-74
100 ## - მთავარი ჩანაწერი - პიროვნების სახელი
Personal name კოენი, ალბერ
9 (RLIN) 7093
245 ## - ცნობა სათაურის შესახებ
Title დედაჩემი :
Remainder of title რომანი /
Statement of responsibility, etc ალბერ კოენი ; მთარგმნ. მარინე ჭილაშვილი ; მხატვ. ნინო ლომსაძე.
264 ## - წარმოების, გამოცემის, დისტრიბუციის და სხვა ცნობები
გამოცემის, წარმოების, დისტრიბუციის... ადგილი თბილისი
გამოცემის, წარმოების, დისტრიბუციის... სახელწოდება ელფის გამ-ბა,
გამოცემის, წარმოების, დისტრიბუციის... თარიღი 2011.
300 ## - ფიზიკური აღწერა
Extent 180 გვ. :
Other physical details ილ. ;
Dimensions 22 სმ.
653 ## - INDEX TERM--UNCONTROLLED
Uncontrolled term დედაჩემი
653 ## - INDEX TERM--UNCONTROLLED
Uncontrolled term რომანი
700 ## - ADDED ENTRY--PERSONAL NAME
Personal name ჭილაშვილი, მარინე
Relator term მთარგმნელი
9 (RLIN) 7094
700 ## - ADDED ENTRY--PERSONAL NAME
Personal name ლომსაძე, ნინო
Relator term მხატვარი
9 (RLIN) 7095
942 ## - ADDED ENTRY ELEMENTS (KOHA)
Koha item type წიგნი
Source of classification or shelving scheme
ეგზემპლარები
ჩამოწერის სტატუსი დაკარგული ეგზემპლარის სტატუსი კლასიფიკაციის წყარო ან თაროზე გაწყობის სქემა დაზიანების სტატუსი არ გაიცემა მუდმივი მდებარეობა (დაცვის ადგილი) ამჟამინდელი ადგილსამყოფელი თაროზე განთავსების ადგილი შეძენის თარიღი სრული შენახვის შიფრი შტრიხკოდი ბოლო ოპერაციის თარიღი ეგზემპლარის მიმდევრობითი ნომერი (კეტერი?) ფასის ძალაში შესვლის თარიღი ეგზემპლარის სახეობა
          ბათუმის შოთა რუსთაველის სახელმწიფო უნივერსიტეტის მთავარი ბიბლიოთეკა ბათუმის შოთა რუსთაველის სახელმწიფო უნივერსიტეტის მთავარი ბიბლიოთეკა წიგნსაცავი 2018-12-17 821.133.1-31 კ-74 14987 2018-12-17 14787 2018-12-17 წიგნი